Participatívny rozpočet na úrovni územnej samosprávy v SR bakalárska práca

Guardado en:
Detalles Bibliográficos
Autor principal: Tchurík, Filip
Autor Corporativo: Národohospodárska fakulta EU. Katedra financií
Otros Autores: Belkovicsová, Daša, 1982-
Formato: Libro
Lenguaje:eslovaco
Publicado: Bratislava 2021
Etiquetas: Agregar Etiqueta
Sin Etiquetas, Sea el primero en etiquetar este registro!

MARC

LEADER 00000nbm a2200000 4500
001 0275192
005 20211210125228.7
041 0 |a slo 
044 |a SK 
245 1 0 |a Participatívny rozpočet na úrovni územnej samosprávy v SR  |b bakalárska práca  |c Filip Tchurík ; školiteľ: Daša Belkovicsová 
264 1 |a Bratislava  |c 2021 
300 |a 44 s. 
100 1 |a Tchurík, Filip 
700 1 |a Belkovicsová, Daša, 1982- 
710 2 |a Národohospodárska fakulta EU. Katedra financií